Loading...
Marx aur Gandhi. Tr by Raghuraj Gupta /
| Main Author: | |
|---|---|
| Language: | Undetermined |
| Published: |
Lucknow :
Apala Prakasan ,
1990.
|
| LEADER | 00469nam a2200133Ia 4500 | ||
|---|---|---|---|
| 001 | 111733 | ||
| 008 | 170722s9999 xx 000 0 und d | ||
| 100 | |a Dandavate, Madhu | ||
| 245 | |a Marx aur Gandhi. Tr by Raghuraj Gupta / | ||
| 260 | |a Lucknow : |b Apala Prakasan , |c 1990. | ||
| 300 | |a 109 p. |c 23Cms | ||
| 942 | |c GEN | ||
| 999 | |c 163179 |d 163179 | ||
| 952 | |0 0 |1 0 |4 0 |6 XM_2XM18OBZG_152N0 |7 0 |8 LC1 |9 227409 |a LIB |b LIB |d 2017-08-12 |h LC1 |o XM2xM18obzG 152N0 |p G25378 |r 2017-08-12 |v 85.00 |w 2017-08-12 |y GEN | ||